Can you name the Taylor Swift song from the bridge (hard edition) - Statistics

General Stats
  • This quiz has been taken 106 times
  • The average score is 7 of 13
Answer Stats
Hint Answer % Correct
You did a number on me But, honestly, baby, who's countin'? I did a number on you But, honestly, baby, who's countin'? You did a number on me But, honestly, baby, who's countin'? Who's countin'? (One, two, three) So It Goes...
80%
Tell me that you're still mine Tell me that we'll be just fine Even when I lose my mind I need to say Tell me that it's not my fault Tell me that I'm all you want Even when I break your heart I need to say Afterglow
78%
I want auroras and sad prose I want to watch wisteria grow right over my bare feet 'Cause I haven't moved in years And I want you right here A red rose grew up out of ice frozen ground With no one around to tweet it While I bathe in cliffside pools With my calamitous love and insurmountable grief the lakes
73%
Sent me a clear message Taught me some hard lessons I just forget what they were It's all just a blur I Forgot That You Existed
71%
And I watch you fly around the world And I hope you don't save some other girl Don't forget, don't forget about me I'm far away, but I never let you go I'm love-struck and looking out the window Don't forget, don't forget where I'll be Superman
69%
Your kiss, my cheek, I watched you leave Your smile, my ghost, I fell to my knees When you're young, you just run But you come back to what you need This Love
60%
A brief interruption, a slight malfunction I'd go back to wanting dudes who give nothing I thought we had no chance And that's romance, let's dance Glitch
56%
Now I'm slidin' down the wall with my head in my hands Sayin', "How could I not see the signs?" Oh, you haven't written me or called But goodbye screamin' in the silence And the voices in my head are tellin' me why 'Cause you got her on your arm and me in the wings I'll get your longing glances, but she'll get your ring And you will say you had the best of intentions And maybe I will finally learn my lesson Foolish One
54%
You took the time to memorize me My fears, my hopes and dreams I just like hanging out with you All the time All those times that you didn't leave It's been occurring to me I'd like to hang out with you For my whole life Stay Stay Stay
51%
I know I'm just a wrinkle in your new life Staying friends would iron it out so nice Guilty, guilty, reaching out across the sea That you put between you and me But it's fake and it's oh-so unnecessary closure
49%
And I'll scream out the window "I can't even look at you" I don't need you, but I do, I do, I do I say, "There's nothin' you can say To make this right again, I mean it, I mean it" But what I mean is The Other Side Of The Door
41%
You never did give a damn thing, honey But I cried, cried for you And I know you wouldn't have told nobody If I died, died for you, died for you Cold As You
38%
You played in bars, you play guitar I'm invisible and everyone knows who you are And you'll never see, you sing me to sleep Every night from the radio Superstar
30%
No matching quizzes found
Score Distribution
Percent of People with Each Score
Percentile by Number Answered
Your Score History
You have not taken this quiz